000 00508nam a2200205Ia 4500
005 20250923150415.0
008 008 250917s9999 xx 000 0 eng d
037 _aTextual
040 _aDSWL
_beng
_cDSWL
041 _aeng
_2eng
084 _qDSWL
100 _aDiwan, Paras
_9845627
245 0 _aModern Hindu law
_cby Paras Diwan
260 _aHaryana
_b Allahabad Law Agency
_c2021
300 _a628 p.
365 _aINR
_b695
925 _g695
942 _cTEXL
999 _c1463124
_d1463124